000
00343nam a2200121Ia 4500
003
GCL
008
140319s9999 xx 000 0 ara d
040
_a
GCL /
_c
GCL
082
0
4
_a
ط
_b
530.03
_b
س م
245
1
0
_a
معجم الفيزياء المصور انجليزى - عربى
260
_a
[S.N] :
_b
اكاديميا ،
_c
1993
300
_a
125 ص
999
_c
59576
_d
59576